Carta a un americano sobre la forma de gobierno que para hacer practicable la Constitución y las Leyes, conviene establecer en Nueva España atendida su actual situación. (Record no. 40198)

MARC details
000 -LEADER
campo de control de longitud fija 00928nam a2200229 i 4500
001 - NÚMERO DE CONTROL
campo de control 40198
003 - IDENTIFICADOR DE NÚMERO DE CONTROL
campo de control ES-MaACL
005 - FECHA Y HORA DE LA ÚLTIMA TRANSACCIÓN
campo de control 20260326133812.0
007 - CAMPO FIJO DE DESCRIPCIÓN FÍSICA--INFORMACIÓN GENERAL
campo de control de longitud fija t|
008 - DATOS DE LONGITUD FIJA--INFORMACIÓN GENERAL
campo de control de longitud fija 030305s1821 sp ||||1| spa d
245 00 - MENCIÓN DEL TÍTULO
Título Carta a un americano sobre la forma de gobierno que para hacer practicable la Constitución y las Leyes, conviene establecer en Nueva España atendida su actual situación.
260 ## - PUBLICACIÓN, DISTRIBUCIÓN, ETC.
Lugar de publicación, distribución, etc. Madrid :
Nombre del editor, distribuidor, etc. [s.n.],
Fecha de publicación, distribución, etc. 1821 (
Fabricante Ibarra)
300 ## - DESCRIPCIÓN FÍSICA
Extensión 12 p. ;
Dimensiones 4º.
530 ## - NOTA DISPONIBLE DE FORMULARIO FÍSICO ADICIONAL
Nota de formato físico adicional disponible Disponible en formato digital.
596 ## - NOTA AL PIE DE IMPRENTA
NOTA AL PIE DE IMPRENTA Marca tipográfica en portada.
597 ## - NOTA DE DESCRIPCIÓN FÍSICA
NOTA DE DESCRIPCIÓN FÍSICA Sign.: 1², 24.
651 #4 - PUNTO DE ACCESO ADICIONAL DE MATERIA--NOMBRE GEOGRÁFICO
Nombre geográfico América española-
Subdivisión general Historia-
Subdivisión cronológica 1806-1830, Guerras de la Independencia.
9 (RLIN) 7726
852 ## - LOCALIZACIÓN
Ubicación ES-MaACL
Número de control de estantería 1485-F-1
itemnumber 41668
Ubicación en estantería Depósito folletos
Nota libre Revisado enlace: 25 Marzo 2025.
856 4# - LOCALIZACIÓN Y ACCESO ELECTRÓNICOS
Identificador Uniforme de Recursos <a href="http://bdh-rd.bne.es/viewer.vm?id=0000198497&page=1 ">http://bdh-rd.bne.es/viewer.vm?id=0000198497&page=1 </a>
Texto de enlace Biblioteca Digital Hispánica
942 ## - ELEMENTOS DE ENTRADA SECUNDARIOS (KOHA)
Fuente del sistema de clasificación o colocación Clasificación decimal universal
Holdings
Estatus retirado Estado de pérdida Estado de daño No para préstamo Colección Biblioteca de origen Biblioteca actual Ubicación en estantería Fecha de adquisición Fuente de adquisición Total de préstamos Signatura topográfica completa Código de barras Visto por última vez Precio de reemplazo Tipo de ítem Koha
        Colección de folletos Biblioteca del Ateneo de Madrid Biblioteca del Ateneo de Madrid Depósito folletos 17/01/2008     1485-F-1 1042321 23/02/2023 23/02/2023 Folleto